| 000 | 00658nam a22002292 4500 | ||
|---|---|---|---|
| 001 | 0000018972 | ||
| 003 | OSt | ||
| 005 | 20160108143920.0 | ||
| 008 | 100823s xx 000 0 eng d | ||
| 020 | _a996644260x : | ||
| 040 |
_aKABU _cKABU |
||
| 100 | 1 | _aAbdulaziz, Mohamed H. | |
| 245 | 1 | 0 |
_aMuyaka : _b19th century Swahili popular poetry / _cMohamed H. Abdulaziz. |
| 250 | _a1st ed. | ||
| 260 |
_aNairobi : _bK. L. B., _c1979. |
||
| 300 | _axii, 340 p. | ||
| 650 | 0 | _aSwahili poetry. | |
| 908 | _a100823 | ||
| 942 |
_2lcc _cBK |
||
| 999 |
_c11191 _d11191 |
||